000 00746cam a2200229 a 4500
999 _c7696
_d7696
003 OSt
005 20200317155642.0
008 061030s2007 maua 001 0 eng
020 _a9781592533244
040 _aDLC
_cDLC
_dDLC
082 0 0 _a741.6
_222
_bFIS
100 1 _aFishel, Catharine M.
245 1 0 _aMastering materials, bindings, & finishes :
_bthe art of creative production /
_cCatharine Fishel.
246 3 _aMastering materials, bindings, and finishes
260 _aGloucester, Mass. :
_bRockport Publishers,
_cc2007.
300 _a163 p. :
_bill. (chiefly col.) ;
_c27 cm.
490 0 _aDesign field guides
500 _aIncludes index.
650 0 _aCommercial art
_xTechnique.
650 0 _aGraphic arts
_xTechnique.
942 _2ddc